The noble scholar, jurist, historian


 His Excellency Dr. Abdul Wahhab bin Ibrahim Abu Sulaiman, may Allah have mercy on him.


 He was born in Umm Al-Qura in the year 1356 AH.

الكعبة المعظمة والحرمان الشريفان : (Record no. 13610)

MARC details
000 -LEADER
fixed length control field 01792cam a22003612i 4500
003 - CONTROL NUMBER IDENTIFIER
control field SA_RiAUC
003 - CONTROL NUMBER IDENTIFIER
control field SA-RiAUC
005 - DATE AND TIME OF LATEST TRANSACTION
control field 20251221132638.0
008 - FIXED-LENGTH DATA ELEMENTS--GENERAL INFORMATION
fixed length control field 251202s2002____su o g b 000 0 ara c
040 ## - CATALOGING SOURCE
Original cataloging agency SA-JeALM
Language of cataloging ara
Transcribing agency SA-RiAUC
Description conventions rda
043 ## - GEOGRAPHIC AREA CODE
Geographic area code a-su---
050 #4 - LIBRARY OF CONGRESS CALL NUMBER
Item number .K87 2002
082 04 - DEWEY DECIMAL CLASSIFICATION NUMBER
Classification number 215.1
Assigning agency SA-RiAUC
090 ## - LOCALLY ASSIGNED LC-TYPE CALL NUMBER (OCLC); LOCAL CALL NUMBER (RLIN)
Classification number (OCLC) (R) ; Classification number, CALL (RLIN) (NR) 215.1
Local cutter number (OCLC) ; Book number/undivided call number, CALL (RLIN) ك ر د
100 1# - MAIN ENTRY--PERSONAL NAME
Personal name كردي، عبيد الله بن محمد أمين،
Dates associated with a name 1360 هجري-
Relator term مؤلف.
245 10 - TITLE STATEMENT
Title الكعبة المعظمة والحرمان الشريفان :
Remainder of title عمارة وتاريخا /
Statement of responsibility, etc. عبيد الله محمد أمين كردي.
264 #1 - PRODUCTION, PUBLICATION, DISTRIBUTION, MANUFACTURE, AND COPYRIGHT NOTICE
Place of production, publication, distribution, manufacture الرياض ؛
-- جدة، السعودية :
Name of producer, publisher, distributor, manufacturer مجموعة بن لادن السعودية،
Date of production, publication, distribution, manufacture, or copyright notice 1999
300 ## - PHYSICAL DESCRIPTION
Extent 353 صفحة :
Other physical details صور ؛
Dimensions 40 سم.
336 ## - CONTENT TYPE
Content type term نص
Content type code txt
Source rdacontent
Materials specified كتاب
337 ## - MEDIA TYPE
Media type term بدون وسيط
Media type code n
Source rdamedia
338 ## - CARRIER TYPE
Carrier type term مجلد
Carrier type code nc
Source rdacarrier
490 0# - SERIES STATEMENT
Series statement موسوعة المشاريع الهندسية العملاقة في عهد خادم الحرمين الشريفين الملك فهد بن عبد العزيز آل سعود
500 ## - GENERAL NOTE
General note اهداء من رياض عبدالمنعم قاضي الى الشيخ رحمه الله بتاريخ 1 / 10 / 1422 هـ
504 ## - BIBLIOGRAPHY, ETC. NOTE
Bibliography, etc. note ببليوجرافية : صفحة 352-353.
610 27 - SUBJECT ADDED ENTRY--CORPORATE NAME
Corporate name or jurisdiction name as entry element المسجد الحرام
General subdivision تاريخ
Source of heading or term aucnm
610 27 - SUBJECT ADDED ENTRY--CORPORATE NAME
Corporate name or jurisdiction name as entry element المسجد النبوي الشريف
General subdivision تاريخ
Source of heading or term aucnm
650 #7 - SUBJECT ADDED ENTRY--TOPICAL TERM
Topical term or geographic name entry element الأماكن المقدسة الإسلامية
Geographic subdivision السعودية
Source of heading or term aucsh
650 #7 - SUBJECT ADDED ENTRY--TOPICAL TERM
Topical term or geographic name entry element العمارة الإسلامية
Geographic subdivision المدينة المنورة
Source of heading or term aucsh
650 #7 - SUBJECT ADDED ENTRY--TOPICAL TERM
Topical term or geographic name entry element العمارة الإسلامية
Geographic subdivision مكة المكرمة
Source of heading or term aucsh
942 ## - ADDED ENTRY ELEMENTS (KOHA)
Source of classification or shelving scheme Dewey Decimal Classification
Koha item type Books
Suppress in OPAC No
949 ## - LOCAL PROCESSING INFORMATION (OCLC)
a SA-JeALM
d 251202
u osman123
n 1
Holdings
Withdrawn status Lost status Source of classification or shelving scheme Damaged status Not for loan Collection Home library Current library Date acquired Total checkouts Full call number Barcode Date last seen Price effective from Koha item type
    Dewey Decimal Classification     اهداء DR AbdElwahab Library DR AbdElwahab Library 12/21/2025   215.1 ك ر د 000021832 12/21/2025 12/21/2025 Books